| 000 | 00896nam a2200265 a 4500 | ||
|---|---|---|---|
| 001 | 43741 | ||
| 003 | BD-RjUL | ||
| 005 | 20211209053739.0 | ||
| 008 | 160627s1958 pk a 001 0 eng | ||
| 035 | _a(BD-RjUL)43859 | ||
| 040 |
_aDLC _cCarP _dDLC _dBD-RjUL _beng |
||
| 041 | _aeng | ||
| 082 |
_223 _a338.1054291 _bFAA 1958 |
||
| 100 | 1 | 0 |
_aFarooqui, Hameed M. _9134437 |
| 245 | 1 | 0 |
_aAgricultural marketing in Pakistan _cby Hameed M. Farooqui, Clyde Reece. Keaton and Guy W. Miller |
| 260 |
_aKarachi : _bAmin Book Co., _c1958 |
||
| 300 |
_axii, 243 p. : _bill. ; _c22 |
||
| 500 | _aInclude index | ||
| 650 | 0 |
_aFarm produce _zPakistan. _9134438 |
|
| 650 | 0 |
_aProduce trade _zPakistan. _9134439 |
|
| 700 | 1 |
_aKeaton, Clyde Reece, [from old catalog] _ejoint author. _9134440 |
|
| 700 | 1 |
_aMiller, Guy W., [from old catalog] _ejoint author. _9134441 |
|
| 942 |
_2ddc _cBK |
||
| 999 |
_c43741 _d43741 |
||